Web design : (Record no. 14401)

MARC details
000 -LEADER
fixed length control field 00727nam a22002297a 4500
003 - CONTROL NUMBER IDENTIFIER
control field OSt
005 - DATE AND TIME OF LATEST TRANSACTION
control field 20251104060134.0
008 - FIXED-LENGTH DATA ELEMENTS--GENERAL INFORMATION
fixed length control field 251104t2025 |||||||| |||| 001 | eng d
020 ## - INTERNATIONAL STANDARD BOOK NUMBER
International Standard Book Number 978-8-88836-775-9
040 ## - CATALOGING SOURCE
Transcribing agency JMCFI - Learning Resource Center
082 ## - DEWEY DECIMAL CLASSIFICATION NUMBER
Classification number F.P./IT.Ed. 006.7 T454 2025
100 ## - MAIN ENTRY--PERSONAL NAME
Personal name Thomas, Carson
9 (RLIN) 44016
245 ## - TITLE STATEMENT
Title Web design :
Remainder of title a beginner's guide /
Statement of responsibility, etc. Carson Thomas.
260 ## - PUBLICATION, DISTRIBUTION, ETC.
Place of publication, distribution, etc. New York :
Name of publisher, distributor, etc. Larsen and Keller Education,
Date of publication, distribution, etc. 2025.
300 ## - PHYSICAL DESCRIPTION
Extent viii, 205 pages :
Other physical details colored, illus. ;
Dimensions 25 cm
500 ## - GENERAL NOTE
General note Includes indexes.
650 ## - SUBJECT ADDED ENTRY--TOPICAL TERM
Topical term or geographic name entry element Web sites.
9 (RLIN) 4470
650 ## - SUBJECT ADDED ENTRY--TOPICAL TERM
Topical term or geographic name entry element Web site development.
9 (RLIN) 382
650 ## - SUBJECT ADDED ENTRY--TOPICAL TERM
Topical term or geographic name entry element Web sites
General subdivision Design.
9 (RLIN) 4471
650 ## - SUBJECT ADDED ENTRY--TOPICAL TERM
Topical term or geographic name entry element Web programming.
9 (RLIN) 44017
942 ## - ADDED ENTRY ELEMENTS (KOHA)
Koha item type Books
Source of classification or shelving scheme Dewey Decimal Classification
Suppress in OPAC No
Holdings
Withdrawn status Lost status Source of classification or shelving scheme Damaged status Not for loan Home library Current library Shelving location Date acquired Cost, normal purchase price Total Checkouts Full call number Barcode Date last seen Price effective from Koha item type
    Dewey Decimal Classification     LRC - College (Main) LRC - College (Main) Foreign Publications - Information Technology Education 08/12/2025 4775.00   F.P./IT.Ed. 006.7 T454 2025 00010005 11/04/2025 11/04/2025 Books